| 000 | 00544nam a2200193 a 4500 | ||
|---|---|---|---|
| 001 | 1767765542514 | ||
| 003 | YourLibrary | ||
| 005 | 20260107144640.0 | ||
| 008 | 260107s2003##################000#0#eng## | ||
| 020 | _a9780521016452 | ||
| 082 | 0 | 4 |
_a300.722 _bMAH |
| 100 | 1 |
_aMahoney, James, _eauthor. |
|
| 245 | 1 | 0 | _aComparative Historical Analysis in the Social Sciences : |
| 260 |
_bCambridge University Press, _c2003. |
||
| 300 | _a476 pages | ||
| 650 | 0 | _aPolitical Science. | |
| 942 | _cENGLISH | ||
| 040 |
_aYourLibrary _beng _cYourLibrary |
||
| 999 |
_c607514 _d607514 |
||